000 00955nam2a22002411 4500
001 rc\87593
005 20250620200720.0
010 _a5-88527-010-4
_910000
035 _a(NLR Aleph) 005401462
090 _a7279231
_c7279231
100 _a20021216d1992 |||y0rusy50 ca
101 0 _arus
102 _aRU
105 _aa |||||||||
200 1 _aМеханические колебания
210 _d1992
_aБ. м.
215 _a16 с.
_cил.
461 0 _1001rc\87592
_12001#$aЗадачник-помощник по физике$eПособие для учащихся$vВып. 1
_1700#1$aПрояненкова$bЛ.А.$gЛидия Алексеевна
_97279223
_aПрояненкова, Л.А.
_cМ.
_d1992-
_nШкола-пресс
_oПособие для учащихся
_tЗадачник-помощник по физике
_vВып. 1
801 0 _aRU
_bNLR
_gpsbo
801 1 _aRU
_bELAR
_2rusmarc
852 _aNLR
_j92-4/5447
942 _cBOOK
980 _aNB